| Tag |
First Indicator |
Second Indicator |
Subfields |
| LEADER |
00000cam a2200000 a 4500 |
| 001 |
in00000013534 |
| 005 |
20151007052508.0 |
| 008 |
860513s1987 ohua b 00110 eng |
| 010 |
|
|
|a 86061421
|
| 020 |
|
|
|a 0675207037 (pbk.)
|
| 035 |
|
|
|a (OCoLC)16152103
|
| 035 |
|
|
|9 AAA8024AM
|
| 040 |
|
|
|a DLC
|c DLC
|d TXA
|d UtOrBLW
|
| 049 |
|
|
|a TXAM
|c [A11035683]
|
| 050 |
0 |
0 |
|a RC488.5
|b .H8 1987
|
| 082 |
0 |
|
|a 174/.2
|2 19
|
| 100 |
1 |
|
|a Huber, Charles H.,
|d 1949-
|
| 245 |
1 |
0 |
|a Ethical, legal, and professional issues in the practice of marriage and family therapy /
|c Charles H. Huber, Leroy G. Baruth.
|
| 264 |
|
1 |
|a Columbus, Ohio :
|b Merrill Pub. Co.,
|c [1987]
|
| 264 |
|
4 |
|c ©1987
|
| 300 |
|
|
|a ix, 294 pages :
|b illustrations ;
|c 25 cm.
|
| 336 |
|
|
|a text
|b txt
|2 rdacontent
|
| 337 |
|
|
|a unmediated
|b n
|2 rdamedia
|
| 338 |
|
|
|a volume
|b nc
|2 rdacarrier
|
| 504 |
|
|
|a Includes bibliographies and indexes.
|
| 650 |
|
0 |
|a Family psychotherapy
|x Moral and ethical aspects.
|
| 650 |
|
0 |
|a Marital psychotherapy
|x Moral and ethical aspects.
|
| 650 |
|
0 |
|a Family therapists
|x Professional ethics.
|
| 650 |
|
0 |
|a Family therapists
|x Legal status, laws, etc.
|
| 700 |
1 |
|
|a Baruth, Leroy G.
|
| 999 |
|
|
|a MARS
|
| 999 |
f |
f |
|s b9dc5fc0-0a5e-38b0-a8e8-de079382349e
|i 4ba3faf0-d84b-37c6-b498-a352971b2bde
|t 0
|
| 952 |
f |
f |
|p ric
|a Texas A&M University
|b Rellis Campus
|c Joint Library Facility
|d Remote Storage
|t 0
|e RC488.5 .H8 1987
|h Library of Congress classification
|i unmediated -- volume
|m A14811035683
|
| 998 |
f |
f |
|a RC488.5 .H8 1987
|t 0
|l Remote Storage
|